| 000 | 00615nam a2200133 a 4500 | ||
|---|---|---|---|
| 001 | 000034640 | ||
| 005 | 20200930073819.0 | ||
| 008 | 111011s1959 dr r 000 0 spa d | ||
| 040 |
_aDO-SdBNP _bspa _cBNPHU |
||
| 082 |
_axxxx _bM548 |
||
| 245 | 0 | _aMensaje que los profesionales universitarios dominicanos dirigen a su excelencia el generalisimo doctor Rafael L. Trujillo Molina, benefactor de la patria y padre de la patria nueva, en ocasión del homenaje nacional que dicha clase rinde al líder del pueblo dominicano. | |
| 260 |
_aCiudad Trujillo, República Dominicana : _b[s.n], _c1959. |
||
| 300 |
_a57 p. ; _c24 cm. |
||
| 999 |
_c34131 _d34131 |
||